| 000 | 00945 a2200337 4500 | ||
|---|---|---|---|
| 999 |
_c200002188 _d35930 |
||
| 001 | 200002188 | ||
| 003 | TR-AnTOB | ||
| 005 | 20190322122915.0 | ||
| 008 | 160505d 199 20xxubr0p 0 0 | ||
| 022 | 0 | _a1521-7922 | |
| 040 |
_aViBlbV _dDLC _dTR-AnTOB _cTR-AnTOB |
||
| 041 | _aeng | ||
| 050 | _aNE1 | ||
| 099 | _aJOURNAL - ART | ||
| 130 | 0 | _aArt on paper (New York, N.Y.) | |
| 245 | 0 | _aArt on paper. | |
| 246 | 3 | 0 | _aOn paper |
| 260 |
_aNew York, NY : _bFanning Pub. Co., _c[1998- |
||
| 300 |
_av. : _bill. ; _c28 cm. |
||
| 310 |
_aBimonthly, _b<2004-> |
||
| 336 |
_2rdacontent _atext _btxt |
||
| 337 |
_2rdamedia _aunmediated _bn |
||
| 338 |
_2rdacarrier _avolume _bnc |
||
| 362 | _aCeased with vol. 14, no. 2 (Nov./Dec. 2009). | ||
| 650 |
_aDrawing _vPeriodicals _971159 |
||
| 650 | 0 |
_aPrints _vPeriodicals _971158 |
|
| 650 |
_aPhotography, Artistic _vPeriodicals _970033 |
||
| 910 | _aSüreli Yayınlar | ||
| 942 |
_cCR _2lcc |
||